| 000 | 00665cam a22002411 4500 | ||
|---|---|---|---|
| 001 | ne 63000524 | ||
| 003 | DLC | ||
| 005 | 20260227111742.0 | ||
| 008 | 950421s1962 xx b 000 0 arao | ||
| 010 | _ane 63000524 | ||
| 025 | _aPL480:UAR-1700 | ||
| 035 | _a(OCoLC)32352666 | ||
| 040 |
_aDLC _cCU _dCU _dDLC |
||
| 042 | _apremarc | ||
| 050 | 0 | 0 |
_aLB1139.L3 _bS4 |
| 100 | 1 |
_aShammāʻ, Ṣāliḥ, _d1926- |
|
| 245 | 1 | 0 | _aIrtiqāʼ al-lughah ʻinda al-ṭifl. |
| 260 | _c[1962] | ||
| 300 |
_a11, 179 p. _c24 cm. |
||
| 490 | 0 | _aJamāʻat ʻIlm al-Nafs al-Takāmulī. al-Manshūrāt. | |
| 504 | _aBibliography: p. 169-174. | ||
| 650 | 0 |
_aChildren _xLanguage. |
|
| 999 |
_c45678 _d45678 |
||